Hrubý národný produkt nestačí vyrobiť, treba ho realizovať. Peňažné úspory sa musia dostať k subjektom schopným rozvíjať tvorbu kapitálu spoločnosti.
Závislosť investícií od úspor demonštrovaná na schémach znázorňujúcich náklady na HNP, príjmy a výdavky sektorov (domácnosti, vláda, podniky), vzniku úspor v sektore domácnosti a ich využitie na dodatočné zdroje podnikov formou predaja akcií a obligácií podnikov, pretože o investovaní - tvorbe kapit...
Na minha lista:
| Autor principal: | |
|---|---|
| Formato: | Capítulo de Livro |
| Idioma: | eslovaco |
| Assuntos: | |
| Tags: |
Sem tags, seja o primeiro a adicionar uma tag!
|
MARC
| LEADER | 00000naa a2200000 4500 | ||
|---|---|---|---|
| 001 | r013547 | ||
| 005 | 20221205080603.7 | ||
| 041 | 0 | |a slo | |
| 044 | |a SK | ||
| 245 | 1 | 0 | |a Hrubý národný produkt nestačí vyrobiť, treba ho realizovať. |b Peňažné úspory sa musia dostať k subjektom schopným rozvíjať tvorbu kapitálu spoločnosti. |c Jaroslav Husár |
| 520 | |a Závislosť investícií od úspor demonštrovaná na schémach znázorňujúcich náklady na HNP, príjmy a výdavky sektorov (domácnosti, vláda, podniky), vzniku úspor v sektore domácnosti a ich využitie na dodatočné zdroje podnikov formou predaja akcií a obligácií podnikov, pretože o investovaní - tvorbe kapitálu - rozhodujú podnikatelia. Úloha hospodárskeho mechanizmu. | ||
| 610 | 2 | 0 | |a investície |
| 610 | 2 | 0 | |a tvorba kapitálu |
| 610 | 2 | 0 | |a úspory |
| 610 | 2 | 0 | |a sektory hospodárske |
| 610 | 2 | 0 | |a podnik |
| 610 | 2 | 0 | |a produkt národný hrubý |
| 100 | 1 | |a Husár, Jaroslav | |